Causalidad, determinismo y libertad : de Duns Escoto a la escolástica barroca /
| Otros Autores: | , |
|---|---|
| Formato: | Electrónico eBook |
| Lenguaje: | español italiano inglés |
| Publicado: |
Pamplona, España :
EUNSA, Ediciones Universidad de Navarra,
[2014]
|
| Colección: | Colección de pensamiento medieval y renacentista ;
núm. 149. |
| Materias: | |
| Acceso en línea: | Digitalia Hispánica |
MARC
| LEADER | 00000nam a2200000Ii 4500 | ||
|---|---|---|---|
| 001 | DIGEDUNAV0269 | ||
| 003 | NyNyDIG | ||
| 006 | m o d | ||
| 007 | cr ||||||||||| | ||
| 008 | 220610s2014 sp ob 000 0 spa d | ||
| 035 | |a (OCoLC)1333701645 | ||
| 040 | |a DGITA |b eng |e rda |e pn |c DGITA | ||
| 020 | |z 9788431329839 | ||
| 041 | 0 | |a spa |h eng |a ita | |
| 050 | 1 | 4 | |a BD541 ebook |
| 082 | 0 | 4 | |a 120 |
| 245 | 0 | 0 | |a Causalidad, determinismo y libertad : |b de Duns Escoto a la escolástica barroca / |c editores, Cruz González-Ayesta, Mauricio Lecón. |
| 264 | 1 | |a Pamplona, España : |b EUNSA, Ediciones Universidad de Navarra, |c [2014] | |
| 300 | |a 1 online resource. | ||
| 336 | |a text |b txt |2 rdacontent | ||
| 337 | |a computer |b c |2 rdamedia | ||
| 338 | |a online resource |b cr |2 rdacarrier | ||
| 347 | |a text file |2 rdaft | ||
| 347 | |b PDF | ||
| 490 | 1 | |a Colección de pensamiento medieval y renacentista ; |v no. 149 | |
| 504 | |a Includes bibliographical references. | ||
| 546 | |a Text in Spanish, English and Italian. | ||
| 588 | 0 | |a Online resource; title from PDF title page (Digitalia, viewed June 10, 2022) | |
| 600 | 1 | 0 | |a Duns Scotus, John, |d approximately 1266-1308. |
| 650 | 0 | |a Scholasticism. | |
| 650 | 0 | |a Causation. | |
| 650 | 0 | |a Determinism (Philosophy) | |
| 655 | 0 | |a Electronic books. | |
| 700 | 1 | |a González-Ayesta, Cruz, |d 1969- |e editor. | |
| 700 | 1 | |a Lecón Rosales, Mauricio, |e editor. | |
| 791 | 2 | |a Digitalia (Firm), |e distributor. | |
| 793 | 0 | |g Digitalia eBook Collection: |a Ediciones Universidad de Navarra | |
| 776 | 0 | 8 | |i Print version: |t Causalidad, determinismo y libertad. |b Primera edición. |d Pamplona, España : EUNSA, Ediciones Universidad de Navarra, [2014] |z 9788431329839 |
| 830 | 0 | |a Colección de pensamiento medieval y renacentista ; |v núm. 149. | |
| 856 | 4 | 0 | |3 Digitalia Hispánica |u https://www.digitaliapublishing.com/a/51650/ |
| 910 | |a Premium collection: 2022 | ||


